اردو کے منتخب خاکے (Record no. 7147)

MARC details
000 -LEADER
fixed length control field 01059 a2200241 4500
005 - DATE AND TIME OF LATEST TRANSACTION
control field 20081106143759.0
008 - FIXED-LENGTH DATA ELEMENTS--GENERAL INFORMATION
fixed length control field 081106t xxu||||| |||| 00| 0 eng d
010 ## - LCCN (DPL NO)
LC control number UR-7423
020 ## - INTERNATIONAL STANDARD BOOK NUMBER
International Standard Book Number 8171601401
Terms of availability 100.00
035 ## - SYSTEM CONTROL NUMBER
System control number U-5978
037 ## - SOURCE OF ACQUISITION
Source of stock number/acquisition D.B.Act / Pub
082 ## - DEWEY DECIMAL CLASSIFICATION NUMBER
Classification number 840.92
245 ## - TITLE STATEMENT
Title اردو کے منتخب خاکے
Remainder of title مر تبہ يو سف نا ظم
Statement of responsibility, etc مر تبہ يو سف ناظم
246 ## - VARYING FORM OF TITLE
Title proper/short title Urdu ke Muntakhib Khake
Remainder of title edited by Yusuf Nazim
260 ## - PUBLICATION, DISTRIBUTION, ETC. (IMPRINT)
Place of publication, distribution, etc نئ دھلی
Name of publisher, distributor, etc انجمن تر قی اردو ہند
Date of publication, distribution, etc 2007
270 ## - ADDRESS
Address Urdu Ghar,212,Rous Avenue,
City نئ دھلی
Postal code 110002
Telephone number 23236299
Fax number 23239547
Electronic mail address urduadabndli@bol.net.in,anjuman.urdughar@gmail.com
300 ## - PHYSICAL DESCRIPTION
Extent 192p
Dimensions 22cm (Pbk)
650 ## - SUBJECT ADDED ENTRY--TOPICAL TERM
Topical term or geographic name as entry element Literature
650 ## - SUBJECT ADDED ENTRY--TOPICAL TERM
Topical term or geographic name as entry element اردو لٹر يچر
700 ## - ADDED ENTRY--PERSONAL NAME
Personal name مرتبہ يو سف نا ظم
942 ## - ADDED ENTRY ELEMENTS (KOHA)
Institution code [OBSOLETE] dpl
Item type Urdu Bks
Call number prefix
Source of classification or shelving scheme Dewey Decimal Classification
Classification part 840.92
Call number suffix ا ر د
Holdings
Withdrawn status Lost status Source of classification or shelving scheme Damaged status Not for loan Collection code Home library Current library Date acquired Cost, normal purchase price Total Checkouts Full call number Barcode Date last seen Copy number Cost, replacement price Koha item type
    Dewey Decimal Classification   Not For Loan Non-fiction D.B.Act.Division D.B.Act.Division 06/11/2008 100.00   840.92 ا ر د U-5978 15/09/2008 1 100.00 Urdu Bks

© Delhi Public Library
Hit Counter
free hit counter